مكتبة جامعة عجلون الوطنية

فهرس بحث المكتبة

معوقات استخدام معلمي الرياضيات للحاسوب في تدريسهم بالمرحلة الاساسية من وجهة نظرهم في الاردن=Obstacles of using computer in teaching by mathematics teachers at basic stage of their perspective in jordon (Record no. 29399)

MARC details
000 -LEADER
fixed length control field 01237nam a2200229Ii 4500
003 - CONTROL NUMBER IDENTIFIER
control field JO-AjNU
005 - DATE AND TIME OF LATEST TRANSACTION
control field 20240630100423.0
008 - FIXED-LENGTH DATA ELEMENTS--GENERAL INFORMATION
fixed length control field 230605s9999||||xx |||||||||||||| ||und||
040 ## - CATALOGING SOURCE
Original cataloging agency JO-AjNU
Language of cataloging ara
Description conventions rda
Transcribing agency JO-AjNU
041 ## - LANGUAGE CODE
Language code of text/sound track or separate title ara
050 14 - LIBRARY OF CONGRESS CALL NUMBER
Classification number QA11 2016
100 3# - MAIN ENTRY--PERSONAL NAME
Personal name اعداد الناصر، سند زيد؛ اشراف احمد محمد الدويري,
Relator term author
9 (RLIN) 57617
245 00 - TITLE STATEMENT
Title معوقات استخدام معلمي الرياضيات للحاسوب في تدريسهم بالمرحلة الاساسية من وجهة نظرهم في الاردن=Obstacles of using computer in teaching by mathematics teachers at basic stage of their perspective in jordon
264 31 - PRODUCTION, PUBLICATION, DISTRIBUTION, MANUFACTURE, AND COPYRIGHT NOTICE
Place of production, publication, distribution, manufacture 2016
300 ## - PHYSICAL DESCRIPTION
Extent 72ورقة
336 ## - CONTENT TYPE
Content type term text
Content type code txt
Source rdacontent
337 ## - MEDIA TYPE
Media type term unmediated
Media type code n
Source rdamedia
338 ## - CARRIER TYPE
Carrier type term volume
Carrier type code nc
Source rdacarrier
500 ## - GENERAL NOTE
General note رسالة جامعية (ماجستير في مناهج الرياضيات واساليب التدريس للمرحلة الاساسية)--جامعة ال البيت، كلية العلوم التربوية(المفرق)، 2016، يشتمل على جداول توضيحية
650 #4 - SUBJECT ADDED ENTRY--TOPICAL TERM
Topical term or geographic name entry element الرياضيات - مناهج واساليب تدريس - حوسبة
9 (RLIN) 57618
942 ## - ADDED ENTRY ELEMENTS (KOHA)
Source of classification or shelving scheme Library of Congress Classification
Koha item type Thesis
Holdings
Withdrawn status Lost status Source of classification or shelving scheme Damaged status Not for loan Home library Current library Shelving location Date acquired Total Checkouts Full call number Barcode Date last seen Price effective from Koha item type
    Library of Congress Classification     مكتبة جامعة عجلون الوطنية مكتبة جامعة عجلون الوطنية المراجع 30/06/2024   QA11 2016 A25831 06/06/2023 30/06/2024 Thesis